| 000 | 00681cam a2200205 a 4500 | ||
|---|---|---|---|
| 001 | 000005623 | ||
| 005 | 20200929151726.0 | ||
| 008 | 800131s1949 sp 001 p spa | ||
| 040 |
_aDO-SdBNP _bspa _cBNPHU |
||
| 082 |
_a861.5 _bR618r, 1949 |
||
| 100 | 1 |
_aRivas, Ángel de Saavedra, _cDuque de, _d1791-1865. _98738 |
|
| 245 | 1 | 0 |
_aRomances / _cDuque de Rivas. |
| 260 |
_aMadrid, España : _bEspasa-Calpe, _c1949. |
||
| 300 |
_av. ; _c19 cm. |
||
| 490 | 1 |
_aClásicos castellanos _v9 |
|
| 500 | _aLa biblioteca posee el volumen 1. | ||
| 650 | 4 |
_aPoesía española _ySIGLO XVIII _915870 |
|
| 650 | 4 |
_aLiteratura española _ySIGLO XVIII _913698 |
|
| 830 | 0 |
_aClásicos castellanos ; _v9 _94180 |
|
| 999 |
_c5422 _d5422 |
||